| 000 | 01269 a2200313 4500 | ||
|---|---|---|---|
| 999 |
_c10181 _d10181 |
||
| 020 | _a9780415708050 (hbk : alk. paper) | ||
| 020 | _a0415708052 (hbk : alk. paper) | ||
| 020 | _a9780415708067 (pbk : alk. paper) | ||
| 020 | _a9780415708067 | ||
| 020 | _a9780415708067 | ||
| 050 | 0 | 0 |
_aSB123.3 _bVER 2015 |
| 100 |
_aVernooy, Ronnie _eeditor |
||
| 245 | 0 | 0 |
_aCommunity seed banks : _borigins, evolution, and prospects / _cedited by Ronnie Vernooy, Pitambar Shrestha, and Bhuwon Sthapit.. |
| 264 | 1 |
_aLondon ; _aNew York : _bRoutledge, Taylor & Francis Group, _c2015. |
|
| 300 |
_axxiv, 270 pages : _billustrations (some color) ; |
||
| 336 |
_2rdacontent _atext _btxt |
||
| 337 |
_2rdamedia _aunmediated _bn |
||
| 338 |
_2rdacarrier _avolume _bnc |
||
| 500 | _aincludes index | ||
| 504 | _aIncludes bibliographical references and index. | ||
| 505 | _an/a | ||
| 520 | _an/a | ||
| 650 | 0 |
_aSeeds _xCollection and preservation _xCitizen participation. |
|
| 650 | 0 | _aGermplasm resources, Plant. | |
| 650 | 0 |
_aGermplasm resources conservation _xCitizen participation. |
|
| 700 | 1 |
_aVernooy, Ronnie, _d1963- |
|
| 942 |
_2lcc _cBK _h123.3 _iVER _kSB |
||